Normal view
MARC view
- McCarthy, E. Jerome
Entry Personal Name
001 - CONTROL NUMBER
- control field: 7104
003 - CONTROL NUMBER IDENTIFIER
- control field: OSt
005 - DATE AND TIME OF LATEST TRANSACTION
- control field: 20170523112932.0
008 - FIXED-LENGTH DATA ELEMENTS
- fixed length control field: 170523|| aca||aabn | a|a d
040 ## - CATALOGING SOURCE
- Original cataloging agency: OSt
- Transcribing agency: OSt
100 ## - HEADING--PERSONAL NAME
- Personal name: McCarthy, E. Jerome
- Fuller form of name: (Edmund Jerome)
670 ## - SOURCE DATA FOUND
- Source citation: Work cat.: (OSt)0: McCarthy, E. Jerome (Edmund Jerome), Basic marketing :, Richard R. Irwin

PORTAL AKMAL
E-MEL JKDM
AKMAL2U
G-BAM
u-PUSTAKA